[Event "AUTO-OPEN-610"]
[Site "http://www.queenalice.com/game.php?id=191824"]
[Date "2007.4.4"]
[Round "1"]
[White "AndreaM"]
[Black "HerbertBoffdude007"]
[Result "1/2-1/2"]
[WhiteElo "1626"]
[BlackElo "1911"]

1. e4 e5 2. Nf3 Nc6 3. Bc4 Nd4 4. O-O Nxf3+ 5. Qxf3 Nf6 6. Nc3 Be7 7. d3 O-O 8.
Nd5 c6 9. Nxe7+ Qxe7 10. Bg5 h6 11. Be3 Rd8 12. Rfe1 d5 13. Bb3 d4 14. Bd2 Be6
15. Qg3 Bxb3 16. axb3 Kh7 17. Qh3 Qd7 18. Qh4 Qg4 19. Qxg4 Nxg4 20. h3 Nf6 21.
Ra5 Re8 22. Rea1 a6 23. c3 dxc3 24. bxc3 Rad8 25. f3 Rxd3 26. R5a2 Red8 27. Rd1
Ne8 28. Kf1 Nc7 29. Ke2 Nb5 30. b4 Nxc3+ 31. Bxc3 Rxd1 32. Bxe5 R1d7 33. Bf4 g5
34. Be3 Kg6 35. g4 h5 36. Bb6 Re8 37. Ra5 hxg4 38. hxg4 Rh8 39. Ke3 Rh1 40. Ke2
Rh2+ 41. Ke3 Rhd2 42. Ra3 Rd1 43. Ke2 Rb1 44. Bc5 Rdd1 45. Be7 Re1+ 46. Kd3
Rbd1+ 47. Kc4 b5+ 48. Kc5 Rc1+ 49. Kb6 1/2-1/2

[Event "AUTO-OPEN-610"]
[Site "http://www.queenalice.com/game.php?id=191825"]
[Date "2007.4.4"]
[Round "1"]
[White "HerbertBoffdude007"]
[Black "AndreaM"]
[Result "1-0"]
[WhiteElo "1899"]
[BlackElo "1601"]

1. e4 e5 2. Nf3 Nc6 3. Bb5 a6 4. Ba4 Nf6 5. O-O Be7 6. Re1 b5 7. Bb3 O-O 8. c3
d6 9. h3 Nb8 10. d4 Nbd7 11. dxe5 dxe5 12. Bg5 Bb7 13. Nbd2 Nh5 14. Bxe7 Qxe7
15. Bc2 Rad8 16. a4 b4 17. c4 Nc5 18. b3 Nxe4 19. Bxe4 c6 20. Bb1 Qf6 21. Qc2 g6
22. Ne4 Qe7 23. Ba2 a5 24. Rad1 Nf4 25. Rxd8 Rxd8 26. Bb1 f5 27. Ng3 e4 28. Nd2
Qc5 29. Qb2 Nd3 30. Bxd3 Rxd3 31. Ndxe4 fxe4 32. Nxe4 Qd4 33. Qxd4 Rxd4 34. Nf6+
Kf7 35. Nxh7 c5 36. Ng5+ Kf6 37. Nh7+ Kf5 38. g4+ Kf4 39. Nf8 Rd3 40. Ne6+ Kf3
41. Nxc5 Rd2 42. Nxb7 Rxf2 43. Rf1 Rxf1+ 44. Kxf1 Kg3 45. Nxa5 Kxh3 46. c5 Kxg4
47. c6 g5 48. c7 1-0

[Event "AUTO-OPEN-610"]
[Site "http://www.queenalice.com/game.php?id=191826"]
[Date "2007.4.4"]
[Round "1"]
[White "AndreaM"]
[Black "moma"]
[Result "0-1"]
[WhiteElo "1700"]
[BlackElo "1617"]

1. e4 Nf6 2. e5 Nd5 3. Nf3 d6 4. Bc4 Nb6 5. Bb3 c5 6. a3 Nc6 7. O-O Bg4 8. h3
Bxf3 9. Qxf3 Nxe5 10. Qxb7 c4 11. Ba2 e6 12. Qe4 Qc7 13. Nc3 d5 14. Qe1 Bd6 15.
Nb5 Qc5 16. Nxd6+ Qxd6 17. d4 cxd3 18. cxd3 Nxd3 19. Qd2 Nxc1 20. Raxc1 O-O 21.
Rc3 Rac8 22. Rg3 Qe5 23. Re3 Qf4 24. Rfe1 Rfd8 25. b3 a5 26. Qxa5 Rc2 27. Qxb6
Qxf2+ 0-1

[Event "AUTO-OPEN-610"]
[Site "http://www.queenalice.com/game.php?id=191827"]
[Date "2007.4.4"]
[Round "1"]
[White "moma"]
[Black "AndreaM"]
[Result "1/2-1/2"]
[WhiteElo "1500"]
[BlackElo "1733"]

1. d4 Nf6 2. Bg5 h6 3. Bxf6 exf6 4. e3 d5 5. c4 dxc4 6. Bxc4 Bd6 7. Nc3 O-O 8.
Qh5 Nd7 9. Nge2 Nb6 10. Bd3 Bd7 11. Ng3 Bxg3 12. fxg3 Be6 13. O-O Nd5 14. Ne4
Nxe3 15. Rf3 Bg4 16. Nxf6+ gxf6 17. Qxh6 f5 18. Rxe3 Qxd4 19. Rf1 Rae8 20. Qg5+
Kh8 21. Re1 Rxe3 22. Rxe3 Re8 23. Qh6+ Kg8 24. Qg5+ Kh8 1/2-1/2

[Event "Let's Play Chess!"]
[Site "http://www.queenalice.com/game.php?id=192146"]
[Date "2007.4.5"]
[Round "-"]
[White "AndreaM"]
[Black "Skartarys"]
[Result "0-1"]
[WhiteElo "1652"]
[BlackElo "1816"]

1. e4 Nf6 2. e5 Nd5 3. Nf3 d6 4. Bc4 Nb6 5. Bb3 c5 6. a3 c4 7. Ba2 Nc6 8. exd6
exd6 9. Nc3 Be6 10. O-O Be7 11. d4 d5 12. Bf4 a6 13. Ne5 Nxe5 14. Bxe5 O-O 15.
h3 Nd7 16. Bg3 Nf6 17. Ne2 Bd6 18. Bh4 b5 19. c3 Kh8 20. Re1 Qc8 21. Bxf6 gxf6
22. Ng3 Rg8 23. Qf3 Bxg3 24. fxg3 Rg6 25. Bb1 f5 26. Qf4 Qb8 27. Qxb8+ Rxb8 28.
g4 Rbg8 29. Re2 Rg5 30. Rf2 fxg4 31. h4 g3 32. Rf4 Rg4 33. Rxg4 Rxg4 34. h5 Kg7
35. Bc2 Rf4 36. Bd1 Rf2 37. Rb1 Bf5 38. Ra1 Rxb2 39. Bf3 Be4 40. a4 b4 41. cxb4
Rxb4 42. a5 Rb3 43. Ra2 Rb1+ 0-1

[Event "Challenge"]
[Site "http://www.queenalice.com/game.php?id=194710"]
[Date "2007.4.10"]
[Round "-"]
[White "AndreaM"]
[Black "mp3"]
[Result "0-1"]
[WhiteElo "1640"]
[BlackElo "1398"]

1. e4 c5 2. Nf3 d6 3. d4 Nf6 4. Nc3 Nbd7 5. dxc5 Nxc5 6. Bb5+ Bd7 7. O-O Bxb5 8.
Nxb5 a6 9. Nc3 Nfxe4 10. Nxe4 Nxe4 11. Qd5 Nc5 12. b4 e6 13. Re1 Be7 14. bxc5
exd5 0-1

[Event "Challenge"]
[Site "http://www.queenalice.com/game.php?id=194712"]
[Date "2007.4.10"]
[Round "-"]
[White "AndreaM"]
[Black "Juventus"]
[Result "1-0"]
[WhiteElo "1568"]
[BlackElo "1546"]

1. e4 Nf6 2. e5 Nd5 3. d4 c6 4. Nf3 Qc7 5. Bd3 d6 6. h3 Qa5+ 7. Bd2 Qb6 8. O-O
Qxb2 9. c4 Qxa1 10. cxd5 Qxa2 11. Nc3 Qa5 12. Ne4 Qxd5 13. exd6 exd6 14. Re1 Be6
15. Nc3 Qa5 16. Nb5 Qb6 17. Nc3 Na6 18. d5 cxd5 19. Nxd5 Qc6 20. Nc3 O-O-O 21.
Nb5 Kb8 22. Be3 Qd7 23. Bxa7+ Ka8 24. Nfd4 Nc5 25. Bxc5 dxc5 26. Nxe6 fxe6 27.
Rxe6 Rc8 28. Qa4+ Kb8 29. Qa7# 1-0

[Event "Challenge"]
[Site "http://www.queenalice.com/game.php?id=195309"]
[Date "2007.4.11"]
[Round "-"]
[White "AndreaM"]
[Black "MichelTA"]
[Result "1-0"]
[WhiteElo "1645"]
[BlackElo "1366"]

1. e4 e5 2. Nf3 d6 3. Bc4 Bg4 4. h3 Be6 5. Bxe6 fxe6 6. d3 d5 7. Nxe5 dxe4 8.
Qh5+ Ke7 9. Qf7+ Kd6 10. Nc4+ Kc6 11. Qxe6+ Qd6 12. Nxd6 Bxd6 13. Qxe4+ Kd7 14.
O-O Nf6 15. Qf5+ Kc6 16. Qf3+ Kd7 17. Nc3 Re8 18. Qxb7 Nc6 19. Be3 Rab8 20. Qa6
Nb4 21. Qxa7 Nxc2 22. Qa4+ Kd8 23. Qxc2 Bb4 24. a3 Bxc3 25. Qxc3 Nd5 26. Qd4 c6
27. Bg5+ Kc8 28. Qg4+ Kb7 29. Qd7+ Nc7 30. Bf4 Red8 31. Qxc7+ Ka8 32. Qxc6+ Rb7
33. Rfc1 Rc8 34. Qa6+ Ra7 35. Qxc8# 1-0

[Event "Challenge"]
[Site "http://www.queenalice.com/game.php?id=195351"]
[Date "2007.4.11"]
[Round "-"]
[White "AndreaM"]
[Black "Hugo62"]
[Result "1-0"]
[WhiteElo "1500"]
[BlackElo "1198"]

1. e4 e5 2. Nf3 Bd6 3. Bc4 Nh6 4. d3 O-O 5. Bxh6 gxh6 6. O-O Nc6 7. a3 b6 8. Qd2
Bc5 9. Qxh6 Re8 10. Ng5 Nd4 11. Qxh7+ Kf8 12. Qxf7# 1-0

[Event "Let's Play Chess!"]
[Site "http://www.queenalice.com/game.php?id=220051"]
[Date "2007.6.2"]
[Round "-"]
[White "AndreaM"]
[Black "Endy"]
[Result "1-0"]
[WhiteElo "1662"]
[BlackElo "1609"]

1. e4 e5 2. Nf3 Bd6 3. Bc4 a6 4. a4 h6 5. Nc3 Nf6 6. d4 exd4 7. Nxd4 Bb4 8. Bd2
Bxc3 9. Bxc3 Nxe4 10. Qf3 Qe7 11. O-O d6 12. Rfe1 O-O 13. Rxe4 Qd8 14. Qg3 Qg5
15. Qxg5 hxg5 16. Rae1 Nc6 17. Nxc6 bxc6 18. Re7 d5 19. Bd3 Be6 20. Rxc7 Rfc8
21. Rb7 c5 22. Bf1 d4 23. Ba5 Bd5 24. Rb6 f6 25. g3 Rc6 26. Bg2 Bxg2 27. Kxg2
Rxb6 28. Bxb6 Rc8 29. b3 Kf7 30. Re4 f5 31. Re5 Kf6 32. Rxc5 Rxc5 33. Bxc5 Ke5
34. f3 Kd5 35. Bb4 Ke5 36. Bd2 g4 37. Bf4+ Kd5 38. fxg4 fxg4 39. Kf2 Ke4 40. Ke2
g6 41. Bg5 a5 42. Bf4 Kd5 43. Kd3 Kc5 44. Be5 Kb4 45. Bxd4 Ka3 46. Kc4 Ka2 47.
Kb5 Kb1 48. c3 Kb2 49. b4 Kb3 50. bxa5 g5 51. a6 1-0

[Event "Let's Play Chess!"]
[Site "http://www.queenalice.com/game.php?id=230257"]
[Date "2007.6.25"]
[Round "-"]
[White "AndreaM"]
[Black "PedroNRF"]
[Result "1-0"]
[WhiteElo "1647"]
[BlackElo "1548"]

1. e4 d5 2. exd5 e5 3. Nc3 c6 4. dxc6 Nxc6 5. Bb5 Bd7 6. d3 a6 7. Bc4 b5 8. Bd5
Qf6 9. Nf3 Bc5 10. Ne4 Qe7 11. Nfg5 Nh6 12. O-O O-O 13. Nxc5 Qxc5 14. Be4 f5 15.
Be3 Qb4 16. Bxc6 Bxc6 17. Ne6 f4 18. Bc5 Bxg2 19. Bxb4 Rf6 20. Kxg2 Rg6+ 21. Kh1
Rxe6 22. Rg1 a5 23. Bd2 b4 24. Qh5 Raa6 25. Qg5 Ra7 26. a3 Kh8 27. axb4 Ng8 28.
Rxa5 Rae7 29. Ra8 g6 30. c3 Kg7 31. d4 Nf6 32. dxe5 Ne4 33. Qxf4 Nf6 34. Qh6+
Kf7 35. exf6 Rxf6 36. Qxh7+ Ke6 37. Re1+ Kf5 38. Rxe7 Kg4 39. Re4+ Kf3 40. Re3+
Kg4 41. Qh3+ 1-0

[Event "Let's Play Chess!"]
[Site "http://www.queenalice.com/game.php?id=262396"]
[Date "2007.8.27"]
[Round "-"]
[White "AndreaM"]
[Black "Spock"]
[Result "1-0"]
[WhiteElo "1707"]
[BlackElo "1685"]

1. e4 c5 2. Nf3 d5 3. exd5 Qxd5 4. Nc3 Qd8 5. Bc4 e6 6. O-O Nc6 7. Re1 Nf6 8. d3
a6 9. a3 b5 10. Ba2 b4 11. Ne4 bxa3 12. b3 Nd5 13. Bxa3 f5 14. Nxc5 Bxc5 15.
Bxc5 Nc3 16. Qd2 Nxa2 17. Rxa2 a5 18. Qe3 Qf6 19. Ng5 Nd8 20. Bd4 Qg6 21. Nh3
O-O 22. Nf4 Qh6 23. Qf3 Ra6 24. Bc5 Bb7 25. Qg3 Re8 26. d4 Nf7 27. c4 e5 28. d5
Rc8 29. Ne6 f4 30. Qg4 Qf6 31. Be7 Qg6 32. Qxg6 hxg6 33. Rb1 Re8 34. Bc5 g5 35.
Nc7 Rc8 36. Nxa6 Bxa6 37. Rxa5 g4 38. Rxa6 Rxc5 39. Rc6 Ra5 40. b4 Ra8 41. b5 e4
42. Re6 e3 43. fxe3 fxe3 44. Rxe3 Nd6 45. c5 Nc4 46. Ree1 Nd2 47. Ra1 Rb8 48. b6
Nb3 49. Ra7 Nxc5 50. Rc7 Nd3 51. Rb1 Ne5 52. b7 1-0

[Event "Let's Play Chess!"]
[Site "http://www.queenalice.com/game.php?id=262619"]
[Date "2007.8.28"]
[Round "-"]
[White "AndreaM"]
[Black "Petruzza"]
[Result "1-0"]
[WhiteElo "1680"]
[BlackElo "1572"]

1. e4 e6 2. d4 d5 3. Nc3 c5 4. exd5 exd5 5. dxc5 Nf6 6. Be3 Na6 7. Bb5+ Bd7 8.
Bxa6 bxa6 9. Nf3 Ng4 10. Bd4 Rc8 11. O-O Bxc5 12. Bxg7 Rg8 13. Bd4 Bxd4 14. Qxd4
Bb5 15. Rfe1+ Kf8 16. Qb4+ Kg7 17. Qxg4+ Kh8 18. Qd4+ Rg7 19. Nxd5 Rc4 20. Qe5
Rxc2 21. b3 Rc5 22. Rad1 Qa5 23. Ng5 Bc6 24. Nxf7+ Kg8 25. Nh6+ Kf8 26. Qf5+ Rf7
27. Qxf7# 1-0

[Event "Let's Play Chess!"]
[Site "http://www.queenalice.com/game.php?id=271507"]
[Date "2007.9.14"]
[Round "-"]
[White "AndreaM"]
[Black "alterego"]
[Result "1-0"]
[WhiteElo "1694"]
[BlackElo "1581"]

1. e4 c5 2. Nf3 Nf6 3. Nc3 g6 4. Bc4 e6 5. d4 d5 6. exd5 exd5 7. Bb5+ Bd7 8.
dxc5 Qe7+ 9. Qe2 Bxb5 10. Qxe7+ Bxe7 11. Nxb5 O-O 12. Nc7 Nc6 13. Nxa8 Rxa8 14.
O-O Ng4 15. h3 Nge5 16. Nxe5 Nxe5 17. Be3 Rd8 18. c3 Nc4 19. Rab1 b6 20. cxb6
axb6 21. Rfe1 Nxe3 22. fxe3 Bh4 23. Re2 Re8 24. Rd1 Re5 25. Rd4 Kg7 26. Rxh4 d4
27. Rxd4 Ra5 28. a3 1-0

[Event "Challenge"]
[Site "http://www.queenalice.com/game.php?id=281189"]
[Date "2007.10.4"]
[Round "-"]
[White "AndreaM"]
[Black "Frankone"]
[Result "1-0"]
[WhiteElo "1723"]
[BlackElo "1572"]

1. e4 e5 2. Nf3 Nc6 3. Bc4 Nf6 4. Ng5 d5 5. exd5 Nxd5 6. Qf3 Be6 7. Nxe6 fxe6 8.
O-O Bc5 9. d3 Bb4 10. c3 Bc5 11. b4 Bb6 12. Re1 Rf8 13. Qh5+ g6 14. Qd1 Bxf2+
15. Kh1 Bxe1 16. Qxe1 Qh4 17. g3 Qh3 18. Nd2 Nxc3 19. Bb2 Nxb4 20. Bxc3 Nc2 21.
Qe2 Nxa1 22. Bxa1 c6 23. Bxe5 b5 24. Bb3 Kd7 25. d4 a5 26. a4 bxa4 27. Bxa4 Rac8
28. Kg1 Qf5 29. g4 Qg5 30. Ne4 Qc1+ 31. Kg2 Kd8 32. Nc5 Rf7 33. Nxe6+ Kd7 34. d5
Ke8 35. Bd6 Kd7 36. Bc5 Qa1 37. Bxc6+ Rxc6 38. dxc6+ Kxc6 39. Qa6+ Kd5 40. Qd3+
Kc6 41. Qd6+ Kb5 42. Nd4+ Kc4 43. Qe6+ Kxc5 44. Nb3+ Kb5 45. Nxa1 Rc7 46. Qe5+
Kb6 47. Nb3 Rc2+ 48. Kg3 Ra2 49. Qc5+ Ka6 50. Nd4 Rb2 51. Qc6+ Ka7 52. Nb5+ Rxb5
53. Qxb5 a4 54. Qxa4+ 1-0

[Event "Let's Play Chess!"]
[Site "http://www.queenalice.com/game.php?id=281190"]
[Date "2007.10.4"]
[Round "-"]
[White "AndreaM"]
[Black "rmchacal"]
[Result "1-0"]
[WhiteElo "1734"]
[BlackElo "1590"]

1. e4 e5 2. Nf3 d6 3. Bc4 Be6 4. Bxe6 fxe6 5. d3 Be7 6. O-O Bf6 7. Nc3 d5 8. d4
dxe4 9. Nxe4 exd4 10. Nxf6+ Qxf6 11. Bg5 Qf8 12. Qxd4 Nc6 13. Qd3 h6 14. Bh4 g5
15. Bg3 Nge7 16. Bxc7 Rc8 17. Bd6 Rd8 18. Bxe7 Qxe7 19. Qc3 g4 20. Qxh8+ Kd7 21.
Rad1+ Kc7 22. Rxd8 Nxd8 23. Qxh6 gxf3 24. gxf3 Qf8 25. Qg5 Qxf3 26. Qg3+ Qxg3+
27. fxg3 a6 28. h4 e5 29. Rf6 Kd7 30. Kf2 e4 31. Ke3 Ke7 32. Rb6 Ke8 33. Kxe4
Kd7 34. Rh6 Nf7 35. Rg6 a5 36. h5 b5 37. g4 Nh8 38. Ra6 Nf7 39. Rxa5 Kc6 40. a4
Nd6+ 41. Kd3 Nb7 42. Rxb5 Kc7 43. Rxb7+ Kxb7 44. h6 1-0

[Event "Challenge"]
[Site "http://www.queenalice.com/game.php?id=318099"]
[Date "2007.12.10"]
[Round "-"]
[White "Frankone"]
[Black "AndreaM"]
[Result "0-1"]
[WhiteElo "1547"]
[BlackElo "1744"]

1. e4 e5 2. Nf3 Nc6 3. Bb5 a6 4. Ba4 Nf6 5. c3 Be7 6. Ng5 h6 7. Nf3 O-O 8. Nh4
Nxe4 9. Nf5 Bg5 10. Qg4 Nf6 11. Qc4 d5 12. Qe2 Bxf5 13. Na3 b5 14. Bb3 Re8 15.
d3 e4 16. h3 exd3 17. Qxe8+ Qxe8+ 18. Be3 Bxe3 19. fxe3 Qxe3+ 20. Kf1 Qe2+ 21.
Kg1 Qxb2 22. Rf1 Be4 23. Rf2 Qxa3 0-1

[Event "Let's Play Chess!"]
[Site "http://www.queenalice.com/game.php?id=323298"]
[Date "2007.12.20"]
[Round "-"]
[White "AndreaM"]
[Black "spawnwolfwolverine"]
[Result "1-0"]
[WhiteElo "1745"]
[BlackElo "1567"]

1. e4 e5 2. Nf3 d6 3. Bc4 Bg4 4. Nc3 Nf6 5. d3 Be7 6. h3 Bxf3 7. Qxf3 O-O 8. Bd2
b6 9. Nd5 Nxd5 10. Bxd5 c6 11. Bb3 a5 12. a3 b5 13. O-O c5 14. Bd5 Ra7 15. Be3
Bg5 16. b4 axb4 17. axb4 Rxa1 18. Rxa1 Bxe3 19. Qxe3 cxb4 20. Ra8 Qd7 21. Ra7
Qd8 22. Qf3 Nd7 23. Ra8 Qe7 24. Rxf8+ Nxf8 25. Kf1 Ne6 26. Qd1 Nd4 27. Qb1 g6
28. Qxb4 Nxc2 29. Qxb5 Nd4 30. Qc4 Kg7 31. f4 f6 32. fxe5 dxe5 33. Kf2 h5 34.
Qc8 Kh6 35. Bc4 h4 36. Qg4 g5 37. g3 hxg3+ 38. Kxg3 Qa3 39. Qc8 Ne2+ 40. Kg4 Qe7
41. Qh8+ Qh7 42. Qxf6+ Qg6 43. Qh8+ Qh7 44. Qxe5 Qd7+ 45. Qf5 Qxf5+ 46. exf5 Nf4
47. Ba6 Nd5 48. Bc8 Ne3+ 49. Kf3 Nd5 50. Be6 Nf6 51. d4 Kh5 52. Kg2 g4 53. d5
gxh3+ 54. Kxh3 Kg5 55. d6 Kf4 56. d7 Nxd7 57. Bxd7 Kg5 58. Kg3 Kf6 59. Kg4 Ke7
60. Ba4 Kf7 61. Kg5 Kg7 62. f6+ Kf7 63. Bb3+ Kf8 64. Kg6 Ke8 65. Kg7 Kd7 66. f7
Kd6 67. f8=Q+ Kc6 68. Ba4+ Kd5 69. Qf5+ Kc4 70. Qe5 Kd3 71. Kf6 Kd2 72. Qg3 Ke2
73. Ke5 Kd2 74. Ke4 Ke2 75. Qg2+ Ke1 76. Qf3 Kd2 77. Qe3# 1-0

[Event "Let's Play Chess!"]
[Site "http://www.queenalice.com/game.php?id=328407"]
[Date "2007.12.30"]
[Round "-"]
[White "AndreaM"]
[Black "Ponce"]
[Result "1-0"]
[WhiteElo "1735"]
[BlackElo "1580"]

1. e4 e5 2. Nf3 Bd6 3. Bc4 h6 4. O-O Nf6 5. Nc3 a6 6. d4 exd4 7. Nxd4 b5 8. Bd3
Be5 9. Nf5 Ng8 10. Qg4 g6 11. Ne3 h5 12. Qf3 d6 13. Ne2 Nc6 14. c3 Be6 15. Ng3
Qh4 16. Nd5 Bxd5 17. exd5 Nce7 18. Be3 Bxg3 19. fxg3 Qf6 20. Qe4 Qe5 21. Qf3
Qxd5 22. Be4 Qc4 23. Kh1 O-O-O 24. Bb7+ Kd7 25. Bxa6 Nh6 26. Bd4 Rh7 27. b3 Qc6
28. Qe2 Qxa6 29. Bf6 Re8 30. Rfe1 Nhf5 31. g4 hxg4 32. Qxg4 d5 33. Bxe7 Rxe7 34.
Rxe7+ Kxe7 35. Qg5+ Kd7 36. Qd2 c6 37. h3 Qb7 38. Re1 c5 39. Re5 Ng3+ 40. Kg1
Kd6 41. Qf4 Nh5 42. Rxh5+ Kc6 43. Rxh7 Qb6 44. Qf6+ Kb7 45. Rxf7+ Ka6 46. Qxb6+
Kxb6 47. Rf6+ Ka5 48. Rxg6 b4 49. cxb4+ Kxb4 50. Kf2 d4 51. Rg3 Kb5 52. Ke2 Kb4
53. Kd2 Ka3 54. b4+ 1-0

[Event "Let's Play Chess!"]
[Site "http://www.queenalice.com/game.php?id=330811"]
[Date "2008.1.4"]
[Round "-"]
[White "AndreaM"]
[Black "alterego"]
[Result "0-1"]
[WhiteElo "1752"]
[BlackElo "1739"]

1. e4 c5 2. Nf3 Nc6 3. Bb5 Nd4 4. Nxd4 cxd4 5. d3 Qa5+ 6. Bd2 Qxb5 7. b3 e5 8.
O-O Nf6 9. Na3 Bxa3 10. c4 Qb6 11. Qf3 O-O 12. Qg3 Nh5 13. Qg5 Qh6 14. Qg4 Qg6
15. Qe2 d6 16. Qf3 Bg4 0-1

[Event "Let's Play Chess!"]
[Site "http://www.queenalice.com/game.php?id=358912"]
[Date "2008.2.22"]
[Round "-"]
[White "AndreaM"]
[Black "Donidon"]
[Result "0-1"]
[WhiteElo "1754"]
[BlackElo "1871"]

1. e4 c5 2. Nf3 Nc6 3. d4 cxd4 4. Nxd4 Nf6 5. Nc3 e5 6. Ndb5 d6 7. a4 a6 8. Na3
Be6 9. Bg5 Be7 10. Bd3 O-O 11. O-O d5 12. Re1 d4 13. Ne2 h6 14. Bh4 Ng4 15. Bxe7
Qxe7 16. h3 Nf6 17. f4 Qc5 18. f5 Bxf5 19. exf5 e4 20. b4 Nxb4 21. Qd2 exd3 22.
cxd3 Nc6 23. Rec1 Qxf5 24. Nc4 Nd5 25. Rf1 Qg6 26. Rab1 Rab8 27. Nf4 Nxf4 28.
Rxf4 b5 29. axb5 axb5 30. Rg4 Qe6 31. Re1 Qd7 32. Qxh6 Qxg4 33. hxg4 gxh6 0-1

[Event "Let's Play Chess!"]
[Site "http://www.queenalice.com/game.php?id=388643"]
[Date "2008.4.16"]
[Round "-"]
[White "AndreaM"]
[Black "SRIVERO"]
[Result "1-0"]
[WhiteElo "1743"]
[BlackElo "1642"]

1. e4 c5 2. Nf3 Nc6 3. Bb5 e6 4. Bxc6 bxc6 5. d3 d6 6. O-O Qc7 7. Bf4 e5 8. Bg3
Nf6 9. Nbd2 Ba6 10. Nh4 g6 11. f4 Nh5 12. fxe5 dxe5 13. Bf2 Bg7 14. Bxc5 Qa5 15.
Nb3 Qd8 16. Nf5 Bf8 17. Be3 Ng7 18. Nh6 Bd6 19. Nxf7 Qh4 20. Nxd6+ Kd7 21. Nf7
Rhe8 22. Nc5+ Ke7 23. Bg5+ 1-0

[Event "Let's Play Chess!"]
[Site "http://www.queenalice.com/game.php?id=405779"]
[Date "2008.5.20"]
[Round "-"]
[White "AndreaM"]
[Black "Maffu"]
[Result "1-0"]
[WhiteElo "1755"]
[BlackElo "1652"]

1. e4 g6 2. d4 Bg7 3. Nf3 h6 4. Bd3 d6 5. O-O a6 6. Re1 Nd7 7. Nc3 e6 8. e5 d5
9. Ne2 Ne7 10. c3 b5 11. a4 Bb7 12. axb5 axb5 13. Rxa8 Qxa8 14. Bxb5 c6 15. Ba4
c5 16. Bxd7+ Kxd7 17. dxc5 Rc8 18. b4 g5 19. Ned4 Nf5 20. Nb5 Kc6 21. Qd3 Ba6
22. Nfd4+ Nxd4 23. Nxd4+ Kd7 24. b5 Rxc5 25. bxa6 Qa7 26. Be3 Bxe5 27. Qh7 Qxa6
28. Qxf7+ Kd8 29. Qf8+ 1-0

[Event "Let's Play Chess!"]
[Site "http://www.queenalice.com/game.php?id=461257"]
[Date "2008.9.10"]
[Round "-"]
[White "AndreaM"]
[Black "smcneil"]
[Result "1-0"]
[WhiteElo "1767"]
[BlackElo "1715"]

1. e4 c5 2. Nf3 b6 3. Bc4 Bb7 4. Nc3 e5 5. d3 Nf6 6. Nxe5 d5 7. Bb5+ Nbd7 8. Bg5
Qe7 9. Nxd7 Kd8 10. O-O a6 11. Nxf6 gxf6 12. Bxf6 Qxf6 13. Ba4 b5 14. Bb3 c4 15.
dxc4 Bd6 16. Nxd5 Qh4 17. g3 Qxe4 18. Re1 Qg6 19. Nf4 Qf6 20. c5 Kc8 21. Nd5
Bxd5 22. Qxd5 Rb8 23. Qc6+ Kd8 24. cxd6 Rc8 25. Qb6+ Kd7 26. Rad1 Rhe8 27. Rxe8
Rxe8 28. Qc7# 1-0